00871nam a2200181 a 450000100100000000500170001000800410002704000250006808200150009311000980010824500880020626001100029430000270040404900090043195201130044095201190055399900170067200002963920200930055709.0110404s1981 dr a 000 0 spa d aDO-SdBNPbspacBNPHU axxxxbR4261 aRepública Dominicana .bSecretaría de estado de Obras Públicas y Comunicaciones,93577510aRecomendaciones provisionales para dibujos de planos en proyectos de edificaciones. aSanto Domingo :bSecretaría de estado de Obras Públicas y Comunicaciones,c1981fEditora Alfa y Omega a35 p. :bil. ;c28 cm. aBNPD 0010718PDaPDbPDcCTd2011-04-19iLF1l0oxxxx R426p29639-10r2020-06-25w2020-06-25yLFPDZNo se presta 0010718PDaPDbPDcCTd2011-04-19iLF1l0oxxxx R426p29639-20r2020-06-25te. 2w2020-06-25yLFPDZNo se presta c29131d29131